Obal naozaj predáva Levické mliekarne stavili na ekologické povedomie

Bibliographic Details
Main Author: Krištofičová, Dagmar (Author)
Format: Article
Language:Slovak
ISSN:1335-4620
Subjects:

MARC

LEADER 00000nab a2200000 a 4500
001 vtls000839093
003 SK-MaSNL
005 20260305035156.0
008 180206c2003 xo 0 slo
015 |a SNBRB2003/07-19312 
035 |a CLN000190748 
040 |a SNKBUCL  |b slo  |c SNKBUCL  |e AACR2 
041 0 |a slo 
044 |a xo  |c SK 
080 |a 621.798.1:637.1:061.5(437.6)  |2 UDC-MRF-SK2 
080 |a 637.1:061.5(437.6)  |2 UDC-MRF-SK2 
100 1 |a Krištofičová, Dagmar  |4 aut  |9 7033 
245 1 0 |a Obal naozaj predáva  |b Levické mliekarne stavili na ekologické povedomie  |c Dagmar Krištofičová 
610 7 |a Levické mliekarne (Levice, Slovensko)  |2 snkbucl  |9 1475554 
650 0 7 |a potravinárske obaly  |2 snkbucl  |9 221860 
651 7 |a Levice (Slovensko : okres)  |2 snkbucl  |9 15245 
655 7 |a články z novín a časopisov  |2 snkbucl  |9 267496 
773 0 |x 1335-4620  |t Profit  |g Č. 6-7 (2003), s. 53 
850 |a Slovenská národná knižnica v Martine 
852 |a SNK  |b KIS3GCP 
958 |a RBX 
999 |c 3332467  |d 3334397